000 01279nam a2200325 c 4500
003 BLK
005 20250324113140.0
008 180412b bul|||||r ||||||| ||bul||
010 _aKNG00004684000
040 _aBLK
041 _aBUL
_cBUL
080 _aАмериканска литература (на САЩ)
_b821.111(73)
_x-312.4
_z821.111(73)-312.4
100 1 _aДемил, Нелсън
_eпърви автор
_959765
700 1 _aДончева, Олга
_eпрев. от англ.
_9247525
700 1 _aЛюбенова, Зоя
_eпрев. от англ.
_9247526
139 _aДемил, Нелсън
_bД 40
245 1 0 _aШкола за магии
_bКримин. роман : Кн. 1 - 2
_cНелсън Демил; прев. от англ. Олга Дончева; прев. от англ. Зоя Любенова.
_nКн. 2
257 _aUSA
260 София
_bМатекс
_c1994
300 _c20 см
380 _aX
500 _aОриг. загл. The Charm School / Nelson DeMille
760 1 _aДемил, Нелсън
_d1994
_h315 с.
_tКн. 2
852 _aЦб 177885
856 4 _qpdf
_u
856 4 _qpdf
_u
942 _cKNG
_n0
_010
944 _aCR
_c15.01.2003
_k30531
_lЦветелина Шанова
944 _aED
_c30.07.2008
_k
999 _c3583
_d3583